[Event "Czech Open B 2013"]
[Site "Pardubice CZE"]
[Date "2013.07.20"]
[Round "2.2"]
[White "Mashid,Itay"]
[Black "Mueller,Fab"]
[Result "1-0"]
[WhiteElo "2055"]
[BlackElo "2320"]

1.e4 c5 2.Nf3 e6 3.d4 cxd4 4.Nxd4 Nc6 5.Nc3 Qc7 6.g3 a6 7.Bg2 d6 8.O-O Be7
9.Be3 Nf6 10.Qe2 Bd7 11.Rad1 O-O 12.f4 Rfe8 13.g4 Nxd4 14.Rxd4 e5 15.Rc4 Qd8
16.g5 Ng4 17.Rb4 Nxe3 18.Qxe3 d5 19.Rxb7 d4 20.Qd3 Bc6 21.Rxe7 Qxe7 22.Nd5 Bxd5
23.exd5 exf4 24.Qxd4 Qxg5 25.Qxf4 Qxf4 26.Rxf4 Re2 27.Be4 Rd2 28.Bd3 Re8
29.Rf2 Rd1+ 30.Kg2 a5 31.Bb5 Re5 32.Bc6 Rg5+ 33.Kh3 Rdg1 34.Rf4 Rh5+ 35.Rh4 Rxh4+
36.Kxh4 Rg2 37.Ba4 Rd2  1-0

[Event "ch-AUT 2013"]
[Site "Feldkirch AUT"]
[Date "2013.07.21"]
[Round "2.20"]
[White "Bahl,Felix"]
[Black "Holzmann,H"]
[Result "1/2-1/2"]
[WhiteElo "2005"]
[BlackElo "2116"]

1.e4 c5 2.Nf3 Nc6 3.d4 cxd4 4.Nxd4 e6 5.Nc3 a6 6.Nxc6 bxc6 7.Bd3 Qc7 8.O-O Nf6
9.Re1 e5 10.Qe2 Be7 11.f4 Bc5+ 12.Kh1 a5 13.Qf3 d6 14.h3 O-O 15.fxe5 dxe5
16.Bg5 Ne8 17.Be3 Bxe3 18.Qxe3 Be6 19.b3 Nf6 20.Na4 Nh5 21.Nc5 Bc8 22.Bc4 Qe7
23.Nd3 g5 24.Qc5 Qxc5 25.Nxc5 Kg7 26.Rad1 Ra7 27.Rd6 Rc7 28.Kh2 Nf4 29.Rf1 Re8
30.Rfd1 h5 31.Kg3 h4+ 32.Kf3 Kf8 33.a4 Kg7  1/2-1/2

[Event "28th Avoine Open"]
[Site "Avoine FRA"]
[Date "2013.07.22"]
[Round "3.32"]
[White "Auvray,J"]
[Black "Kambrath,Y"]
[Result "0-1"]
[WhiteElo "2022"]
[BlackElo "2267"]

1.e4 c5 2.Nf3 e6 3.d4 cxd4 4.Nxd4 Nc6 5.Nc3 a6 6.Be3 Nf6 7.f3 Bb4 8.Be2 d5
9.Nxc6 bxc6 10.O-O O-O 11.Na4 Qe7 12.e5 Nd7 13.a3 Ba5 14.b4 Bc7 15.f4 f6
16.exf6 Qxf6 17.c4 Bb7 18.Bg4 Rae8 19.Rc1 Bb8 20.Qd2 Qg6 21.Qe2 Nf6 22.Bf3 e5
23.f5 Qf7 24.Bc5 e4 25.Bg4 Qc7 26.g3 Rf7 27.Bd4 Qe7 28.Nc5 Nxg4 29.Qxg4 Bc8
30.cxd5 cxd5 31.Nb3 Be5 32.Rc5 Bxd4+ 33.Nxd4 e3 34.Rxd5 e2 35.Re1 Qe3+ 36.Kg2 Bb7
37.Rxe2 Bxd5+  0-1

[Event "28th Avoine Open"]
[Site "Avoine FRA"]
[Date "2013.07.22"]
[Round "3.20"]
[White "Poignot,Q"]
[Black "Rioland,Paul"]
[Result "1-0"]
[WhiteElo "2201"]
[BlackElo "1830"]

1.e4 c5 2.Nf3 Nc6 3.d4 cxd4 4.Nxd4 e6 5.Nc3 Qc7 6.Be2 Nf6 7.O-O a6 8.a3 b5
9.Nxc6 dxc6 10.f4 e5 11.fxe5 Bc5+ 12.Kh1 Qxe5 13.Bf4 Qd4 14.Qe1 Ng4 15.Bxg4 Bxg4
16.Qg3 Bh5 17.Be5 Qc4 18.Qxg7 O-O-O 19.Qh6  1-0

[Event "65th ch-MNE 2013"]
[Site "Cetinje SRB"]
[Date "2013.07.22"]
[Round "3.12"]
[White "Lekic,L"]
[Black "Radosevic,Nevena"]
[Result "1-0"]
[WhiteElo "2054"]
[BlackElo "1463"]

1.e4 c5 2.Nf3 e6 3.d4 cxd4 4.Nxd4 Nc6 5.Nc3 Qc7 6.Be3 Nf6 7.Bd3 a6 8.O-O Be7
9.f4 d6 10.Qf3 h5 11.Nxc6 bxc6 12.e5 Nd5 13.Nxd5 cxd5 14.Bd4 Kf8 15.Qg3 dxe5
16.fxe5 Bc5 17.c3 Bd7 18.Qg6 Bxd4+ 19.cxd4 Bc8 20.Rf3 Rh6 21.Qg5 Qe7 22.Rxf7+ Qxf7
23.Qd8+  1-0

[Event "15th TCh-Eur Senior"]
[Site "Dresden GER"]
[Date "2013.07.22"]
[Round "3"]
[White "Wahlbom,M"]
[Black "Mochalov,E"]
[Result "1/2-1/2"]
[WhiteElo "2284"]
[BlackElo "2407"]

1.e4 c5 2.Nf3 e6 3.d4 cxd4 4.Nxd4 Nc6 5.Nc3 Qc7 6.g3 a6 7.Bg2 Nf6 8.O-O Bc5
9.Nb3 Be7 10.a4 O-O 11.Bf4 d6 12.Qe2 Ne5 13.a5 Bd7 14.Bc1 Nc4 15.f4 b5 16.axb6 Qxb6+
17.Kh1 Rac8 18.g4 h6 19.Bf3 Rfe8 20.Qg2 Bc6 21.h4 d5 22.e5 Ne4 23.Nxe4 dxe4
24.Bxe4 Bxe4 25.Qxe4 Bxh4 26.Nd4 Be7 27.b3 Bc5 28.Nf3 Ne3 29.Bxe3 Bxe3 30.Rad1 Rc3
31.Rfe1 Bc5 32.Re2 Rc8 33.Kg2 Bf8 34.g5 Qc6 35.Qxc6 R8xc6 36.Nd4 Rc8 37.gxh6 gxh6
38.Rd3 Rxd3 39.cxd3 Rd8 40.Nf3 Rxd3 41.Ra2 Rxb3 42.Rxa6 Rb4 43.Kg3 Bc5 44.f5 exf5
45.Rxh6 Rg4+ 46.Kh2 Be3 47.Rh5 Bf4+ 48.Kh1 Rg3 49.Rxf5 Rxf3 50.Kg2 Re3 51.Rxf4 Rxe5
52.Kf2 Kg7 53.Ra4 Kg6 54.Kf3 Rf5+ 55.Kg3 Rb5 56.Kf4 Rf5+ 57.Kg3 Rf1 58.Kg2 Rb1
59.Kg3 Rb3+ 60.Kf4 f6 61.Rc4  1/2-1/2

[Event "36th Taminco Open"]
[Site "Ghent BEL"]
[Date "2013.07.22"]
[Round "6.13"]
[White "Cabezas Ayala,I"]
[Black "De Vleeschauwer,M"]
[Result "1/2-1/2"]
[WhiteElo "2316"]
[BlackElo "2033"]

1.e4 c5 2.Nf3 e6 3.d4 cxd4 4.Nxd4 Nc6 5.Nc3 Qc7 6.Be2 a6 7.O-O Nf6 8.Be3 Bb4
9.Na4 Be7 10.c4 Nxe4 11.c5 O-O 12.Rc1 d5 13.cxd6 Nxd6 14.Nxc6 bxc6 15.Nb6 Rb8
16.Nxc8 Rfxc8 17.Bxa6 Rd8 18.Qf3 Rxb2 19.Rxc6 Qa5 20.Bd4 Rbb8 21.Bd3 Nf5
22.Bc3 Qxa2 23.Bxf5 exf5 24.Qxf5 Qd5  1/2-1/2

[Event "31st Andorra Open"]
[Site "La Massana AND"]
[Date "2013.07.22"]
[Round "3.4"]
[White "Massoni,M"]
[Black "Vazquez Igarza,R"]
[Result "0-1"]
[WhiteElo "2373"]
[BlackElo "2571"]

1.e4 c5 2.Nf3 e6 3.d4 cxd4 4.Nxd4 Nc6 5.Nc3 Qc7 6.Be2 Nf6 7.O-O Be7 8.Be3 O-O
9.f4 d6 10.Qe1 Bd7 11.Qg3 Nxd4 12.Bxd4 Bc6 13.e5 dxe5 14.Bxe5 Qa5 15.Kh1 Rad8
16.Bd3 Nh5 17.Qh3 g6 18.Rae1 Bf6 19.Re3 Bg7 20.Be2 Rd2 21.Ne4 Bxe4 22.Rxe4 Nf6
23.Bc3 Qxa2 24.Rxe6 Rxc2 25.Re7 Nd5 26.Bxg7 Kxg7 27.Re5 Nf6  0-1

[Event "Quebec Open Invitational 2013"]
[Site "Montreal CAN"]
[Date "2013.07.22"]
[Round "3.15"]
[White "Cao,Jason"]
[Black "Kiewra,K"]
[Result "0-1"]
[WhiteElo "2060"]
[BlackElo "2422"]

1.e4 c5 2.Nf3 e6 3.d4 cxd4 4.Nxd4 Nc6 5.Nc3 Qc7 6.Be2 Nf6 7.O-O a6 8.Be3 d6
9.f4 Be7 10.Qe1 O-O 11.Qg3 Nxd4 12.Bxd4 b5 13.a3 Bb7 14.Bd3 Rad8 15.Kh1 Rd7
16.Rae1 Qd8 17.Re3 g6 18.Qh3 h5 19.Rg3 Kg7 20.e5 Ng4 21.exd6+ Bf6 22.Bxf6+ Qxf6
23.Be2 Rxd6 24.Bf3 Qxf4 25.Ne2 Rd1 26.Rxd1 Nf2+ 27.Kg1 Nxh3+ 28.Rxh3 Qe5
29.Bxb7 Qxe2 30.Rhd3 Qxc2 31.R3d2 Qc5+ 32.Kh1 a5 33.Be4 Rc8 34.h3 Rc7 35.Bf3 Qf5
36.Re1 Qf4 37.Red1 Rc1 38.Rd7 Rxd1+ 39.Rxd1 Qe5 40.Rb1 Qd4 41.b4 a4  0-1

[Event "6th Paleochora Open"]
[Site "Paleochora GRE"]
[Date "2013.07.22"]
[Round "5.5"]
[White "Georgiadis,I"]
[Black "Tukhaev,A"]
[Result "1-0"]
[WhiteElo "2449"]
[BlackElo "2520"]

1.e4 c5 2.Nf3 e6 3.d4 cxd4 4.Nxd4 Nc6 5.Nc3 d6 6.g4 Bd7 7.Be3 Nge7 8.Nb3 Nc8
9.f4 Be7 10.Qf3 a6 11.O-O-O Qc7 12.g5 O-O 13.Rg1 b5 14.f5 Ne5 15.Qf2 Re8
16.f6 Bf8 17.Rg3 b4 18.Ne2 Bc6 19.Bg2 a5 20.Rh3 g6 21.Nbd4 a4 22.Kb1 Na7
23.Bf4 b3 24.Bxe5 dxe5 25.Rxh7 Kxh7 26.Qh4+ Kg8 27.Rd3 bxc2+ 28.Kc1 a3 29.b3  1-0

[Event "6th Paleochora Open"]
[Site "Paleochora GRE"]
[Date "2013.07.22"]
[Round "5.27"]
[White "Panagiotakos,N"]
[Black "Hrisanthopoulos,D"]
[Result "1/2-1/2"]
[WhiteElo "2191"]
[BlackElo "2038"]

1.e4 c5 2.Nf3 e6 3.d4 cxd4 4.Nxd4 Nc6 5.Nc3 Qc7 6.Be2 a6 7.Be3 Nf6 8.a3 b5
9.Nxc6 dxc6 10.f4 Bb7 11.O-O Nd7 12.e5 O-O-O 13.Qe1 g5 14.fxg5 Nxe5 15.Ne4 c5
16.Nf6 h6 17.Qg3 Bd6 18.Bf4 hxg5 19.Qxg5 Ng6 20.Bxd6 Qxd6 21.h3 Nh4 22.Rad1 Qc6
23.Rxd8+ Rxd8 24.Rf2 Nf5 25.Bf3 Qd6 26.Bxb7+ Kxb7 27.Ne4 Qd1+ 28.Kh2 Kc6
29.g4 Rd4 30.Nxc5 Qe1 31.Kg2 Ne3+ 32.Kf3 Qh1+ 33.Kxe3 Qc1+ 34.Kxd4 Qxg5 35.Nd3 f6  1/2-1/2

[Event "VIII Vladimir Dvorkovich Open"]
[Site "Taganrog RUS"]
[Date "2013.07.22"]
[Round "1.1"]
[White "Popov,Iv RUS"]
[Black "Pavlov,Nikolay"]
[Result "1-0"]
[WhiteElo "2632"]
[BlackElo "2127"]

1.e4 c5 2.Nf3 e6 3.d4 cxd4 4.Nxd4 Nc6 5.Nc3 Qc7 6.Be3 a6 7.Qd2 Nf6 8.f4 Bb4
9.Bd3 d5 10.e5 Nd7 11.a3 Be7 12.h4 h5 13.O-O-O Nc5 14.Kb1 Bd7 15.Qf2 Nxd4
16.Bxd4 g6 17.Nxd5 exd5 18.e6 O-O 19.exd7 Nxd3 20.Rxd3 Qxd7 21.f5 Kh7 22.Rf3 Bd6
23.Rf1 Rae8 24.g4 hxg4 25.fxg6+ fxg6 26.Rxf8 Rxf8 27.Qxf8 Bxf8 28.Rxf8  1-0

[Event "18th Balaguer Open"]
[Site "Balaguer ESP"]
[Date "2013.07.23"]
[Round "9.8"]
[White "Vila Gazquez,X"]
[Black "Cori T.,D"]
[Result "1-0"]
[WhiteElo "2461"]
[BlackElo "2439"]

1.e4 c5 2.Nf3 e6 3.d4 cxd4 4.Nxd4 Nc6 5.Nc3 Qc7 6.Be2 a6 7.O-O Nf6 8.Be3 Bb4
9.Nxc6 bxc6 10.Qd4 c5 11.Qc4 Bb7 12.a3 Bxc3 13.Qxc3 Bxe4 14.f3 Bg6 15.Qxc5 Qxc5
16.Bxc5 Bxc2 17.Rfc1 Ba4 18.Bd6 Kd8 19.Rc5 Ne8 20.Bg3 Bc6 21.Rd1 Kc8 22.Rd4 f6
23.Rb4 Nc7 24.Bd6 a5 25.Rb6 a4 26.f4 Rb8 27.Rb4 h6 28.Rxa4 Rxb2 29.Bf3 Kb7
30.Bxc6+ dxc6 31.Bxc7 Kxc7 32.Ra6 Rb6 33.Ra7+ Kd6 34.Rc2 g5 35.Rd2+ Kc5 36.Re7 gxf4
37.Rxe6 Ra8 38.Rxf6 Rxa3 39.Rxf4 Ra1+ 40.Kf2 Rbb1 41.Rc2+ Kd5 42.Rf5+ Ke4
43.Rfc5 Rf1+ 44.Kg3 Ra3+ 45.Kh4 Rf4+ 46.Kh5 Ra8 47.R2c4+ Ke3 48.Re5+  1-0

[Event "Biel MTO 2013"]
[Site "Biel SUI"]
[Date "2013.07.23"]
[Round "2.18"]
[White "Sihite,Chelsie Monica"]
[Black "Grachev,B"]
[Result "0-1"]
[WhiteElo "2285"]
[BlackElo "2683"]

1.e4 c5 2.Nf3 e6 3.d4 cxd4 4.Nxd4 Nc6 5.Nc3 a6 6.Be2 d6 7.Be3 Bd7 8.f4 Be7
9.O-O Nf6 10.Qe1 O-O 11.Qg3 Nxd4 12.Bxd4 Bc6 13.Rad1 b5 14.a3 Qb8 15.Bf3 Qb7
16.e5 dxe5 17.fxe5 Nd7 18.Rde1 Bc5 19.Bxc5 Nxc5 20.b4 Nd7 21.Ne4 Qc7 22.Nf6+ Nxf6
23.Bxc6 Nh5 24.Qf3 Rad8 25.Be4 g6 26.g4 Ng7 27.Qf4 Rd4 28.Re3 Rfd8 29.Ref3 R8d7
30.Re1 a5 31.c3 Rd2 32.Rh3 axb4 33.cxb4 Rd1 34.Rxd1 Rxd1+ 35.Kg2 f5 36.gxf5 exf5
37.Rd3 Ne6  0-1

[Event "15th TCh-Eur Senior"]
[Site "Dresden GER"]
[Date "2013.07.23"]
[Round "4"]
[White "Rosen,W"]
[Black "Titz,Hei"]
[Result "1-0"]
[WhiteElo "2290"]
[BlackElo "2204"]

1.e4 c5 2.Nf3 e6 3.d4 cxd4 4.Nxd4 Nc6 5.Nc3 Qc7 6.Be2 Nf6 7.Bg5 Nxd4 8.Qxd4 Bc5
9.Qd3 a6 10.O-O b5 11.Bf3 Ra7 12.Bh4 Bd6 13.Bg3 Bxg3 14.hxg3 Qe5 15.a3 Rc7
16.Rfe1 O-O 17.Rad1 Bb7 18.Qd4 Qxd4 19.Rxd4 e5 20.Rd6 Rc6 21.Red1 Rfc8 22.Rxc6 Bxc6
23.Kf1 Kf8 24.Ke2 h5 25.Ke3 Ke7 26.Be2 g6 27.f3 d6 28.Rd2 Ke6 29.Kf2 Rc7
30.Nd1 Bb7 31.Ne3 d5 32.exd5+ Nxd5 33.Nxd5 Bxd5 34.a4 Bc4 35.axb5 axb5 36.c3 g5
37.Rd8 Bxe2 38.Kxe2 b4 39.cxb4 Rc2+ 40.Rd2 Rc4 41.Kd3 Rxb4 42.Kc3 Rb8 43.b4 f5
44.Ra2 Rc8+ 45.Kd3 Rd8+ 46.Kc4 Re8 47.Kd3 f4 48.gxf4 gxf4 49.b5 Kf5 50.b6 Rb8
51.Rb2 Rb7 52.Kc4 Kg5 53.Kd5 Kh4 54.Kxe5 Kg3 55.Kd5 h4 56.Kc6 Rb8 57.b7 Rh8
58.Kc7 Rh7+ 59.Kb6 Rh6+ 60.Ka7 Rh7 61.Ka8  1-0

[Event "15th TCh-Eur Senior"]
[Site "Dresden GER"]
[Date "2013.07.23"]
[Round "4"]
[White "Hammar,B"]
[Black "Strutinskaya,G"]
[Result "0-1"]
[WhiteElo "2279"]
[BlackElo "2300"]

1.e4 c5 2.Nc3 Nc6 3.Nf3 e6 4.d4 cxd4 5.Nxd4 Nf6 6.Ndb5 d6 7.Bf4 e5 8.Bg5 a6
9.Na3 Be6 10.Nc4 Rc8 11.Ne3 Be7 12.Bxf6 Bxf6 13.Ncd5 Bg5 14.g3 Bxe3 15.Nxe3 Qb6
16.b3 Nd4 17.Bg2 O-O 18.O-O Rc3 19.Qd2 Rfc8 20.Rac1 Qa5 21.Kh1 b5 22.f4 f6
23.Nf5 Bxf5 24.exf5 b4 25.fxe5 dxe5 26.Be4 Qc5 27.Rf2 a5 28.g4 h6 29.h4 Rh3+
30.Rh2 Rg3 31.Rg2 Qc3 32.Qf2 Rh3+ 33.Rh2 Kf8 34.Rd1 Qe3 35.Qxe3 Rxe3 36.Bd3 Kf7
37.Kg2 Rc3 38.Kf2 Rf3+ 39.Kg2 Rf4 40.Kh3 h5 41.Rg2 e4  0-1

[Event "ch-AUT 2013"]
[Site "Feldkirch AUT"]
[Date "2013.07.23"]
[Round "4.12"]
[White "Kleiser,G"]
[Black "Holzmann,H"]
[Result "1/2-1/2"]
[WhiteElo "2267"]
[BlackElo "2116"]

1.e4 c5 2.Nf3 Nc6 3.d4 cxd4 4.Nxd4 e6 5.Nc3 Qc7 6.Be3 a6 7.Qd2 b5 8.O-O-O b4
9.Na4 Nf6 10.f3 Be7 11.Nxc6 Qxc6 12.Nb6 Rb8 13.Nxc8 Rxc8 14.g4 O-O 15.Kb1 Rfd8
16.g5 Ne8 17.Bd3 a5 18.h4 Nd6 19.h5 Nc4 20.Bxc4 Qxc4 21.g6 d5 22.e5 d4 23.gxf7+ Kxf7
24.Bxd4 Bc5 25.Qf4+ Ke8 26.Qe4 Rxd4 27.Qxh7 Rxd1+ 28.Rxd1 Bf8 29.h6 Qe2 30.Qg6+ Ke7
31.Qg5+ Ke8 32.Qg6+ Ke7 33.Qg5+ Ke8  1/2-1/2

[Event "ch-AUT 2013"]
[Site "Feldkirch AUT"]
[Date "2013.07.23"]
[Round "4.10"]
[White "Froewis,G"]
[Black "Mesaros,Florian"]
[Result "1/2-1/2"]
[WhiteElo "2423"]
[BlackElo "2166"]

1.e4 c5 2.Nf3 e6 3.d4 cxd4 4.Nxd4 Nc6 5.Nc3 Qc7 6.g3 a6 7.Bg2 Nf6 8.O-O Be7
9.Re1 O-O 10.Nxc6 bxc6 11.e5 Nd5 12.Qd4 Rb8 13.a3 f6 14.Bxd5 cxd5 15.Bf4 f5
16.b4 Bb7 17.Rac1 Rfc8 18.Ne2 Bc6 19.Qd2 Ba4 20.c3 Bb5 21.Nd4 Bc4 22.h4 a5
23.Kh2 Ra8 24.Rg1 axb4 25.axb4 Ra2 26.Rc2 Ra3 27.Rgc1 Rca8 28.Rb1 Ra1 29.Rxa1 Rxa1
30.Rc1 Ra2 31.Rc2 Ra1 32.Rb2 Qb7 33.Qc2 Bd8 34.Rb1 Ra2 35.Rb2 Ra1 36.Rb1 Ra2
37.Rb2  1/2-1/2

[Event "ch-AUT 2013"]
[Site "Feldkirch AUT"]
[Date "2013.07.23"]
[Round "4.22"]
[White "Higatsberger,M"]
[Black "Uksini,Bardhyl"]
[Result "1-0"]
[WhiteElo "2186"]
[BlackElo "1969"]

1.e4 c5 2.Nf3 e6 3.Nc3 Nc6 4.d4 cxd4 5.Nxd4 Qc7 6.g3 a6 7.Bg2 Nf6 8.O-O Be7
9.Re1 Nxd4 10.e5 Nb5 11.exf6 gxf6 12.Nd5 exd5 13.Bxd5 d6 14.Bxf7+ Kxf7 15.Qh5+ Kg8
16.Bh6 Bf8 17.Re8 Qf7 18.Rxf8+ Qxf8 19.Bxf8 Kxf8 20.Rd1 Be6 21.a4 Nc7 22.f4 Rd8
23.f5 Bd5 24.c4 Bc6 25.Rd4 Ne8 26.a5 Ke7 27.b4 Ng7 28.Qe2+ Kf7 29.Qd3 Rhe8
30.b5 axb5 31.cxb5 Bd7 32.g4 Re5 33.a6 Bxb5 34.Qb3+ Kf8 35.axb7 Rde8 36.Rxd6 Re1+
37.Kf2 R8e2+ 38.Kf3 Rf1+ 39.Kg3 Rg1+ 40.Kh3  1-0

[Event "Maccabiah GM1 2013"]
[Site "Jerusalem ISR"]
[Date "2013.07.23"]
[Round "3.2"]
[White "Givon,A"]
[Black "Diamant,A"]
[Result "1/2-1/2"]
[WhiteElo "2438"]
[BlackElo "2469"]

1.e4 c5 2.Nf3 Nc6 3.d4 cxd4 4.Nxd4 e6 5.Nc3 Qc7 6.Be3 a6 7.Qf3 Nxd4 8.Bxd4 Ne7
9.Qg3 Qxg3 10.hxg3 b5 11.O-O-O Nc6 12.Be3 Bb7 13.f3 Rc8 14.g4 Bb4 15.Ne2 Be7
16.Kb1 Ne5 17.Nf4 d6 18.b3 O-O 19.Be2 Rfd8 20.Nd3 Nd7 21.Nb2 h6 22.c4 bxc4
23.Nxc4 Nb8 24.Bb6 Rd7 25.Be3 Rdd8 26.Bb6 Rd7 27.Bf2 Rdd8 28.Bg3 d5 29.exd5 exd5
30.Nb6 Rc3 31.Bxb8 Rxb8 32.Nxd5 Bxd5 33.Rxd5 Rb6 34.Rc1 Rxc1+ 35.Kxc1 Bb4
36.Bc4 g6 37.Rd8+ Kg7 38.Rd7 Rf6 39.Kb2 a5 40.a3 Bc5 41.Rb7 Be3 42.Kc2 Bc5
43.b4 axb4 44.a4 h5 45.gxh5 gxh5 46.Rb5 Rc6 47.Bd5 Rc7 48.Rb7  1/2-1/2

[Event "6th Paleochora Open"]
[Site "Paleochora GRE"]
[Date "2013.07.23"]
[Round "6.9"]
[White "Pfeffer,R"]
[Black "Ashwin,J"]
[Result "0-1"]
[WhiteElo "2232"]
[BlackElo "2470"]

1.e4 c5 2.Nf3 e6 3.d4 cxd4 4.Nxd4 Nc6 5.Nc3 Qc7 6.Be3 a6 7.Qd2 Nf6 8.O-O-O Be7
9.f3 b5 10.g4 Nxd4 11.Qxd4 Bb7 12.g5 Nh5 13.Bh3 f6 14.Bg4 Nf4 15.Kb1 Rd8
16.gxf6 Bxf6 17.e5 Qxe5 18.Qxf4 Qxf4 19.Bxf4 h5 20.Bh3 Bxf3 21.Bd6 Rc8 22.Rhg1 Bxd1
23.Nxd1 Rc6 24.Bg3 O-O 25.Bg2 d5 26.Re1 g5 27.Bf2 Bd8 28.Be3 Kg7 29.Nc3 Rc4
30.Ne2 Rg4 31.Rg1 Kg6 32.h3 Rh4 33.Nd4 Rf6 34.Bf1 Bb6 35.c3 Rxf1+ 36.Rxf1 Rxh3
37.Bc1 Bxd4 38.cxd4 Rd3 39.Re1 Rxd4 40.Re5 Rg4 41.Rxe6+ Kf5 42.Rxa6 h4 43.Rh6 Rg2
44.Rh8 d4 45.Bxg5 Rxg5 46.Rxh4 Ke5 47.Kc2 Kd5 48.Rf4 Kc4 49.b3+ Kc5 50.a3 Rg2+
51.Kd3 Rg3+ 52.Kc2 Kd5 53.Rh4 Rc3+ 54.Kb2 Re3 55.Kc2 Rg3 56.Rf4 Rh3 57.Rg4 Rh2+
58.Kd3 Rh3+ 59.Kc2 Rh2+ 60.Kd3 Rh3+ 61.Kc2 Ke5 62.a4 b4 63.a5 Rc3+ 64.Kb2 d3
65.Rg8 Rc2+ 66.Kb1 Rc6 67.Rd8 Ke4 68.Kb2 Ke3 69.Rh8 Rc2+ 70.Kb1 Rc3 71.Rh3+ Kf4
72.Rh4+ Ke3 73.Rh3+ Kf4 74.Rh4+ Kg3 75.Rd4 Kf3 76.Kb2 Ke3 77.Rh4 Rc2+ 78.Kb1 Rg2
79.Rh1 Kd4 80.a6 Kc3 81.a7 Rg8 82.Rh7 Kxb3 83.Kc1 Ra8 84.Kd2 Ka2 85.Kxd3 b3
86.Rh2+ Ka3 87.Rh7 b2 88.Kc2 Rc8+  0-1

[Event "65th ch-MNE 2013"]
[Site "Cetinje SRB"]
[Date "2013.07.24"]
[Round "5.13"]
[White "Stamatovic,V"]
[Black "Mitric,N"]
[Result "1-0"]
[WhiteElo "1889"]
[BlackElo "1978"]

1.e4 c5 2.Nf3 Nc6 3.Nc3 e6 4.d4 cxd4 5.Nxd4 d6 6.Bb5 Bd7 7.O-O Nf6 8.Re1 Be7
9.g4 Nxd4 10.Bxd7+ Qxd7 11.Qxd4 e5 12.Qd3 Qxg4+ 13.Kh1 O-O 14.Rg1 Qh4 15.Bg5 Qh5
16.Qg3 h6 17.Bxf6 Bxf6 18.Nd5 Qh4 19.Qf3 Bg5 20.Rg4 Qh5 21.Rag1 f6 22.Ne7+ Kf7
23.Nf5 Kg8 24.h4 Kh8 25.Ng3 Qe8 26.hxg5 fxg5 27.Qe2 Qe6 28.Kg2 Qxa2 29.Rh1 Kg8
30.Nf5 Rf6 31.Ne7+ Kf8 32.Nd5 Rf7 33.Rxg5 Qxb2 34.Rg6 a5 35.Rh3 Rd8 36.Ne3 a4
37.Qg4 Qb5 38.Rhxh6 Kg8 39.Qh4 Rff8 40.Rxg7+ Kxg7 41.Qg5+ Kf7 42.Rh7+  1-0

[Event "36th Taminco Open"]
[Site "Ghent BEL"]
[Date "2013.07.24"]
[Round "9.9"]
[White "Froeyman,H"]
[Black "Goormachtigh,J"]
[Result "1-0"]
[WhiteElo "2304"]
[BlackElo "2182"]

1.e4 c5 2.Nf3 e6 3.d4 cxd4 4.Nxd4 Nc6 5.Nc3 Qc7 6.Be2 a6 7.O-O Nf6 8.Be3 Be7
9.f4 d6 10.Qe1 O-O 11.Qg3 Nxd4 12.Bxd4 b5 13.a3 Bb7 14.Kh1 Rad8 15.Rae1 Rd7
16.Bd3 Re8 17.Re2 Nh5 18.Qh3 g6 19.f5 Bg5 20.Qg4 Qd8 21.fxe6 Rxe6 22.Ref2 Re8
23.a4 bxa4 24.Bc4 Rf8 25.Nd5 Bxd5 26.Bxd5 Bh6 27.Bb6 Qe7 28.Rxf7  1-0

[Event "31st Andorra Open"]
[Site "La Massana AND"]
[Date "2013.07.24"]
[Round "5.4"]
[White "Burg,T"]
[Black "Felgaer,R"]
[Result "1/2-1/2"]
[WhiteElo "2479"]
[BlackElo "2586"]

1.e4 c5 2.Nf3 Nc6 3.d4 cxd4 4.Nxd4 e6 5.Nc3 a6 6.Nxc6 bxc6 7.Bd3 d5 8.O-O Nf6
9.Re1 Be7 10.e5 Nd7 11.Qg4 Kf8 12.Bf4 Rb8 13.Rab1 h5 14.Qe2 Nc5 15.a3 a5
16.b4 axb4 17.axb4 Nxd3 18.cxd3 Rxb4 19.Rxb4 Bxb4 20.Qb2 Be7 21.Ra1 g5 22.Bd2 Kg7
23.Ra7 Bc5 24.Ra4 Be7 25.Ra7 Bc5 26.Ra4 Be7  1/2-1/2

[Event "6th Paleochora Open"]
[Site "Paleochora GRE"]
[Date "2013.07.24"]
[Round "7.12"]
[White "Kalogridakis,Georgios"]
[Black "Kapnisis,S"]
[Result "0-1"]
[WhiteElo "2058"]
[BlackElo "2449"]

1.e4 c5 2.Nf3 e6 3.d4 cxd4 4.Nxd4 Nc6 5.Nc3 Qc7 6.Be3 a6 7.Qd2 Nf6 8.O-O-O Be7
9.f3 b5 10.g4 Nxd4 11.Qxd4 Bb7 12.Kb1 Rc8 13.Qd2 O-O 14.g5 b4 15.gxf6 bxc3
16.Qg2 Bxf6 17.Bd3 d5 18.Rhg1 Rfd8 19.h4 dxe4 20.fxe4 Qe5 21.Qg4 h5 22.Qe2 Bxe4
23.Bg5 Rxd3 24.Rxd3 Qb5 25.b3 Bxd3 26.Qxd3 Bxg5 27.Rxg5 Qxd3 28.cxd3 c2+
29.Kc1 f5 30.Rxh5 Rc3 31.d4 Rd3 32.Kxc2 Rxd4 33.Kc3 Rg4 34.b4 Rg3+ 35.Kb2 g6
36.Rg5 Rxg5 37.hxg5 Kf7 38.Kc3 Ke7 39.a4 Kd6 40.Kd4 e5+ 41.Kc4 Kc6 42.b5+ axb5+
43.axb5+ Kd6  0-1

[Event "28th Avoine Open"]
[Site "Avoine FRA"]
[Date "2013.07.25"]
[Round "6.22"]
[White "Bon,M"]
[Black "Julien,Jules-Alois"]
[Result "1-0"]
[WhiteElo "2344"]
[BlackElo "1952"]

1.e4 c5 2.Nf3 Nc6 3.d4 cxd4 4.Nxd4 e6 5.Nc3 Qc7 6.Be3 Nf6 7.Bd3 a6 8.O-O Ne5
9.Nf3 Ng6 10.Na4 b5 11.Nb6 Rb8 12.Nxc8 Rxc8 13.a4 Bd6 14.axb5 axb5 15.Bxb5 O-O
16.Ra7 Qb8 17.c4 Ng4 18.Rxd7 Bxh2+ 19.Kh1 Nxe3 20.fxe3 Bg3 21.Qd4 Ne5 22.Nxe5 Bxe5
23.Qd2 Qb6 24.Rd1 g6 25.b4 Bc3 26.Qxc3 Qxb5 27.cxb5 Rxc3 28.b6 Rc4 29.R1d4 Rcc8
30.b7 Rb8 31.Rc7 Kg7 32.e5 g5 33.Rdd7 Kg6 34.e4 h5 35.Kh2 Rbe8 36.Kg3 Rb8
37.Kf3 Rbe8 38.Ke3 Rb8 39.Re7 Rbd8 40.b5 h4 41.Rcd7 Rb8 42.Kf3 Kh5 43.Rxf7 g4+
44.Kf4 Rbe8 45.Rf6 Rh8 46.Rg7 Reg8 47.b8=Q  1-0

[Event "31st Andorra Open"]
[Site "La Massana AND"]
[Date "2013.07.25"]
[Round "6.1"]
[White "Gaudineau,E"]
[Black "Iturrizaga,E"]
[Result "0-1"]
[WhiteElo "2358"]
[BlackElo "2643"]

1.e4 c5 2.Nf3 e6 3.d4 cxd4 4.Nxd4 Nc6 5.Nc3 Qc7 6.Be3 Nf6 7.Qd2 Nxd4 8.Bxd4 e5
9.Nb5 Qb8 10.Be3 a6 11.Nc3 Bb4 12.f3 Qc7 13.a3 Bxc3 14.bxc3 d6 15.c4 Be6
16.Qb4 Nd7 17.Rb1 Nc5 18.Bxc5 dxc5 19.Qxb7 Qa5+ 20.Kf2 Qd2+ 21.Be2 Qd4+ 22.Kg3 O-O
23.h3 h5 24.Qe7 Qe3 25.Bd3 Rab8 26.Qh4 Rxb1 27.Rxb1 g5 28.Qxh5 Kg7 29.Kh2 Rh8
30.Re1 Qf4+  0-1

[Event "Yinzhou Cup CHN-USA Rapid"]
[Site "Ningbo CHN"]
[Date "2013.07.25"]
[Round "1.1"]
[White "Robson,R"]
[Black "Wang Yue"]
[Result "0-1"]
[WhiteElo "2628"]
[BlackElo "2705"]

1.e4 c5 2.Nf3 e6 3.d4 cxd4 4.Nxd4 Nc6 5.Nc3 Qc7 6.Be3 a6 7.Qd2 Nf6 8.O-O-O Be7
9.f3 b5 10.g4 Nxd4 11.Qxd4 Bb7 12.g5 Nh5 13.Bh3 Rc8 14.Qd2 b4 15.Na4 Bc6
16.Nb6 Rb8 17.Bg4 Rxb6 18.Bxb6 Qxb6 19.Bxh5 Qa5 20.Kb1 Qxg5 21.Qxg5 Bxg5
22.Bg4 Bf4 23.Bh3 Ke7 24.Bf1 a5 25.Bd3 h5 26.h3 h4 27.Rhg1 g5 28.Rde1 Rb8
29.Rg4 f6 30.Reg1 Be3 31.Re1 Bf2 32.Rf1 Bg3 33.Kc1 Kd6 34.Kd2 Ke5 35.Rg1 d5
36.Ke2 d4 37.Rg2 Rh8 38.Rg1 Rh5 39.Rg2 f5 40.exf5 exf5 41.R4xg3 hxg3 42.Rxg3 Kf4
43.Kf2 Bd5 44.b3 Rh8 45.Be2 Re8 46.Rg1 Rc8 47.Bd3 Bxf3 48.Bxf5 Kxf5 49.Kxf3 Rxc2
50.Rg4 Rc3+ 51.Kf2 Rxh3 52.Rxd4 Rh2+ 53.Kf3 Ke5 54.Re4+ Kd5 55.Rg4 Rh5 56.Rg2 Kd4
57.Kg4 Rh8 58.Rc2 Re8 59.Kxg5 Re5+ 60.Kf4 Kd3 61.Rh2 Re2 62.Rh3+ Kd4 63.Rh8 Rf2+  0-1

[Event "6th Paleochora Open"]
[Site "Paleochora GRE"]
[Date "2013.07.25"]
[Round "8.19"]
[White "Hrisanthopoulos,D"]
[Black "Kourkoulos Arditis,Stamatis"]
[Result "0-1"]
[WhiteElo "2038"]
[BlackElo "2185"]

1.e4 c5 2.Nf3 e6 3.d4 cxd4 4.Nxd4 Nc6 5.Nc3 Qc7 6.Be3 a6 7.f3 Nf6 8.Qd2 Bb4
9.O-O-O b5 10.Bf4 Ne5 11.Kb1 Be7 12.Ndxb5 axb5 13.Nxb5 Qb8 14.Qc3 d6 15.Nc7+ Kf8
16.Nxa8 Qxa8 17.Bxe5 dxe5 18.Qxe5 Qb7 19.Qb5 Qa7 20.Bc4 g6 21.g4 Nd7 22.f4 Nc5
23.Bb3 Bb7 24.Rhe1 Kg7 25.g5 Ba6 26.Qa5 Rc8 27.Qc3+ Kg8 28.Qd4 Qc7 29.Qf2 Nxb3
30.axb3 Bb4 31.c3 Bc5 32.Qd2 Qb6 33.Qc2 Bf2 34.Re2 Bxe2 35.Qxe2 Qxb3 36.Rd7 Bc5
37.Qd2 Bf8 38.Ra7 Rb8 39.Kc1 Qb6 40.Rd7 Ba3  0-1

[Event "Biel MTO 2013"]
[Site "Biel SUI"]
[Date "2013.07.26"]
[Round "5.11"]
[White "Saric,Iv"]
[Black "Rasch,H"]
[Result "1-0"]
[WhiteElo "2639"]
[BlackElo "2220"]

1.e4 c5 2.Nf3 e6 3.d4 cxd4 4.Nxd4 Nc6 5.Nc3 a6 6.Nxc6 bxc6 7.Bd3 d5 8.O-O Nf6
9.Qf3 a5 10.Re1 Be7 11.Bg5 Ba6 12.Bxf6 gxf6 13.exd5 cxd5 14.Nxd5 Bxd3 15.Nc7+ Kf8
16.Nxa8 Bc4 17.Qf4 Bb5 18.Nc7 Bc6 19.Rad1 Qc8 20.Qh6+ Kg8 21.Re3  1-0

[Event "Biel MTO 2013"]
[Site "Biel SUI"]
[Date "2013.07.26"]
[Round "5.1"]
[White "Bartel,Mat"]
[Black "Grachev,B"]
[Result "1/2-1/2"]
[WhiteElo "2619"]
[BlackElo "2683"]

1.e4 c5 2.Nf3 e6 3.d4 cxd4 4.Nxd4 Nc6 5.Nc3 a6 6.Be3 Nf6 7.Bd3 d5 8.exd5 exd5
9.Qe2 Be7 10.Nxc6 bxc6 11.Bc5 Be6 12.Bxe7 Qxe7 13.O-O O-O 14.Na4 Rfe8 15.Qe3 a5
16.b3 Qa3 17.Rfe1 Bf5 18.Qc5 Qxc5 19.Nxc5 Bxd3 20.cxd3 Kf8 21.Kf1 Ra7 22.Rac1 Rxe1+
23.Rxe1 Ne8 24.Ke2  1/2-1/2